| 000 | 00772nas a2200253 i 4500 | ||
|---|---|---|---|
| 001 | 183817 | ||
| 003 | ES-MaACL | ||
| 005 | 20250217134913.0 | ||
| 008 | 141020d18891899sp a| | ||pa d | ||
| 022 | _a2174-9760 | ||
| 100 | 1 |
_aSevilla, Fernando. _9132693 |
|
| 245 | 1 | 0 |
_aAnuario literario y artístico / _cpor Fernando Sevilla. |
| 260 |
_aMadrid : _bAgencia literaria de Fernando Sevilla, _c1889- |
||
| 300 |
_a1 vol. : _bil. ; _c23 cm. |
||
| 310 | _aAnual | ||
| 362 | 0 | _a[Año 1.] 1890- | |
| 530 | _aDisponible en formato digital. | ||
| 655 | 7 |
_2tgfbne _9226822 _aAnuarios |
|
| 852 |
_aES-MaACL _jT-565-F-2 |
||
| 856 |
_uhttp://hemerotecadigital.bne.es/issn/2174-9760 _zHemeroteca Digital |
||
| 866 | 0 | _o1890. | |
| 942 | _2udc | ||
| 999 |
_c183817 _d183817 |
||